Prírodovedný sborník Slovenskej akadémie vied a umení

Bibliographic Details
New Title:Biologický sborník SAVU
Previous Title:Prírodovedný sborník (Martin)
Other Authors: Ferianc, Oskár, 1905-1987 (Publishing director)
Format: Serial
Language:Slovak
PhysicalDescription:2 zv. 24 cm
Published: Bratislava SAVU 1949-1950
ISSN:0231-9845
Subjects:

MARC

LEADER 00000cas a2200000 a 4500
001 vtls010302062
003 SK-MaSNL
005 20260310142744.0
008 110810d19491950xo ar 0 b0slo
015 |a SNBDS17XX9999 
015 |a 1272a  |2 Balúnová 1945-60 
022 |a 0231-9845 
038 |a SNKBUDS 
040 |a SNK  |b slo  |c SNK  |e AACR2 
041 0 |a slo 
044 |a xo  |c SK 
072 7 |a 5  |x Prírodné vedy. Matematické vedy  |2 konspekt 
080 |a 57  |2 2001 
080 |a 58  |2 2001 
080 |a 59  |2 2001 
080 |a (082)  |2 2011 
222 |a Prírodovedný sborník Slovenskej akadémie vied a umení 
245 0 0 |a Prírodovedný sborník Slovenskej akadémie vied a umení 
260 |a Bratislava  |b SAVU  |c 1949-1950 
300 |a 2 zv.  |c 24 cm 
310 |a 1x ročne 
362 0 |a Roč. IV, č. 1 (1949)-roč. V, č. 1 (1950) 
500 |a Hlav. red. O. Ferianc 
500 |a Vyd. SAVU v Bratislave 
580 |a Nadviazal na Prírodovedný sborník (Martin). Od r. 1951 pokračuje pod názvom Biologický sborník SAVU 
650 0 7 |a zoológia  |2 SNKPH  |9 699 
650 0 7 |a botanika  |2 SNKPH  |9 688 
650 0 7 |a biológia  |2 SNKPH  |9 689 
655 7 |a zborníky  |2 SNKPH  |9 70165 
700 1 |a Ferianc, Oskár,  |d 1905-1987  |4 pbd  |9 92182 
710 2 |a Slovenská akadémia vied a umení  |4 pbl  |9 32421 
780 0 0 |t Prírodovedný sborník (Martin)  |w vtls010302061 
785 0 0 |t Biologický sborník SAVU  |w vtls010302062 
910 |a snmk 
910 |a snk 
916 |a 1949-1950 
999 |c 8404  |d 10334 
952 |a SNK  |b SNK  |y PREZ  |7 0  |p 17A0611864  |o snkČSC 445/5/1950 D1  |i snkD 2300/74  |8 1  |0 0  |1 0  |4 0  |d 2009-02-27  |l 0  |r 2026-02-21 20:16:47  |w 2026-02-21 
952 |a SNK  |b SNK  |y PREZ  |7 0  |p 17A0250849  |o snkČSC 445/5/1950  |i snkVIII.720/52  |8 3  |f 1  |0 0  |1 0  |4 0  |d 2000-08-25  |l 0  |r 2005-01-02 00:00:00  |w 2026-02-21 
952 |a SNK  |b SNK  |y PREZ  |7 0  |p 17A0163803  |o snkČSC 445/4/1949  |i snkVIII.4109/50  |8 3  |f 1  |0 0  |1 0  |4 0  |d 1998-10-02  |l 0  |r 2005-01-02 00:00:00  |w 2026-02-21 
952 |a SNK  |b SNK  |y PREZ  |7 0  |p 17A0229457  |o snkČSC 445/4/1949 D2  |0 0  |1 0  |4 0  |d 2000-03-01  |l 0  |r 2005-01-02 00:00:00  |w 2026-02-21